00684nam a2200181 a 450000100100000000500170001000800410002702000150006804000250008308200150010810000360012324501150015926000470027430000280032150000830034970000400043270000300047200003765520201002031110.0121024s2006 ck a 000 0 spa d a9583005002 aDO-SdBNPbspacBNPHU axxxbS527r1 aShakespeare, Williamd1564-161610aRomeo y Julieta /cWilliam Shakespeare ; traducción Marcelino Menéndez y Pelayo ; prólogo Jorge Plata S. aBogotá, Colombia :bPanamericana,c2006. a111 p. :bil. ;c21 cm. aLa biblioteca posee la sexta reimpresión de la primera impresión del 1998.1 aMenéndez y Pelayo, Marcelinoetr.1 aPlata S., Jorge,epról.